000
00299nam a2200109Ia 4500
008
200302s9999 xx 000 0 und d
100
_a
Cyril M. Harris ed.,
245
_a
Dictionary of Architecture and Construction
260
_b
Mcgraw- hill International Book co.,
260
_c
1975
300
_a
553 P.,
999
_c
731
_d
731